Gaming Quiz

Random Gaming Quiz

Hardest Geometry Dash Levels Quiz Stats

 Plays Quiz not verified by Sporcle

Challenge
Share
Tweet
Embed
Score 0/15 Timer 10:00
0 Plays Today
Hint Answer % Correct
BloodBloodbath
95.4%
SonicSonic Wave
93.3%
PhobiaPhobos
76.8%
CatapultCataclysm
76.3%
IceIce Carbon Diablo X
75.3%
PhasesThe Ultimate Phase
72.7%
BizarreA Bizarre Phantasm
67%
High LifeLow Death
66.5%
Hint Answer % Correct
T-- H--- F------The Hell Factory
64.4%
Easier thanBack on Track
47.4%
BirdYatagarasu
42.8%
GhostPoltergeist
42.3%
Orgasm8o
39.7%
Version 3Deadlocked V3
39.2%
SupernovaSupernova Circles
35.1%

You're not logged in!

Compare scores with friends on all Sporcle quizzes.
OR
Log In

You Might Also Like...

Show Comments

Extras

Created May 1, 2016ReportNominate
Tags:dash, geometry, level

Top Quizzes Today


Score Distribution

Your Account Isn't Verified!

In order to create a playlist on Sporcle, you need to verify the email address you used during registration. Go to your Sporcle Settings to finish the process.

Report this User

Report this user for behavior that violates our Community Guidelines.

Details: